Deutschland nach Buchstabe - E - Statistiken

Allgemein
  • Dieses Quiz wurde 96 mal gespielt
  • Das Durchschnittsergebnis liegt bei 15 aus 20
Antwortstatistiken
Hinweis Antwort % Korrekt
Großstadt im Pott mit Villa Hügel und Zeche Zollverein Essen
99%
Fluss aus Tschechien über Dresden und Hamburg in die Nordsee Elbe
97%
Hauptstadt Thüringens an der Gera Erfurt
97%
Ein Blatt dieses Baums findet sich auf deutschen 1-5ct Münzen Eiche
95%
Katharina Witt wurde durch diese Sportart zum Superstar Eiskunstlauf
93%
Dieser Fluss fließt von Ostwestfalen über Lingen und Meppen in die Nordsee Ems
89%
Sächsisch-Tschechisches Gebirge, Heimat von weihnachtlichen Schnitzereien Erzgebirge
89%
Größter Freizeitpark Deutschlands in Rust in Baden Europapark
85%
Zweiter Bundeskanzler Westdeutschlands, der als Vater der Sozialen Marktwirtschaft gilt Ludwig Erhard
84%
Universitätsstadt bei Nürnberg Erlangen
81%
Kreisstadt in Oberbayern mit bekannter Weißbierbrauerei Erding
79%
Thüringische Stadt mit Wartburg Eisenach
74%
Teilweise auch als Haxe bekannte Schweinefleisch-Spezialität Eisbein
73%
Gebirge in NRW und RLP um Monschau, Nürburg und Gerolstein Eifel
71%
Ehemalige Reichsstadt bei Stuttgart am Neckar Esslingen
64%
Ort am Dollart, in dem dieser Fluss ins Meer mündet Emden
51%
Diese Stadt im Mansfelder Land ist Geburts- und Todesstadt von Martin Luther Eisleben
45%
Zweitgrößter Stausee Deutschlands in Nordhessen Edersee
37%
Fluss durchs Ruhrgebiet durch Dortmund, Gelsenkirchen und Bottrop Emscher
35%
In der Wartburg und in Marburg lebende, mildtätige deutsche Nationalheilige Elisabeth von Thüringen
29%
Keine übereinstimmenden Quizze gefunden
Verteilung der Resultate
Anzahl Personen mit jedem Resultat
Perzentil nach korrekt beantworteten Fragen
Ihre Resultats-Entwicklung
Sie haben dieses Quiz noch nicht gespielt